<?xml version="1.0" encoding="UTF-8"?>
<collection xmlns="http://www.loc.gov/MARC21/slim">
<record>
  <controlfield tag="001">111826</controlfield>
  <controlfield tag="005">20220329090301.0</controlfield>
  <datafield tag="037" ind1=" " ind2=" ">
    <subfield code="a">TAZ-TFG-2018-1020</subfield>
  </datafield>
  <datafield tag="041" ind1=" " ind2=" ">
    <subfield code="a">spa</subfield>
  </datafield>
  <datafield tag="100" ind1="1" ind2=" ">
    <subfield code="a">González Estella, Elena</subfield>
  </datafield>
  <datafield tag="242" ind1="0" ind2="0">
    <subfield code="a">Acute Lymphoblastic Leukemia</subfield>
  </datafield>
  <datafield tag="245" ind1="0" ind2="0">
    <subfield code="a">Leucemia Linfoblástica Aguda</subfield>
  </datafield>
  <datafield tag="260" ind1=" " ind2=" ">
    <subfield code="a">Zaragoza</subfield>
    <subfield code="b">Universidad de Zaragoza</subfield>
    <subfield code="c">2018</subfield>
  </datafield>
  <datafield tag="506" ind1=" " ind2=" ">
    <subfield code="a">by-nc-sa</subfield>
    <subfield code="b">Creative Commons</subfield>
    <subfield code="c">3.0</subfield>
    <subfield code="u">http://creativecommons.org/licenses/by-nc-sa/3.0/</subfield>
  </datafield>
  <datafield tag="520" ind1=" " ind2=" ">
    <subfield code="a">La leucemia linfoblástica aguda está caracterizada por la proliferación de blastos de estirpe linfoide. Aunque tiene gran incidencia en la población infantil, la respuesta de este colectivo a los tratamientos actuales es elevada. Existen una serie de factores que predisponen al padecimiento de la misma: factores genéticos, exógenos y endógenos. El signo distintivo son las anomalías cromosómicas y alteraciones génicas implicadas en la diferenciación y proliferación de los precursores linfoides. Se clasifican atendiendo a características morfológicas, citogenéticas, fenotípicas y moleculares dando lugar a distintos subtipos. Los grandes avances que han tenido lugar en el tratamiento de la leucemia linfoblástica aguda se deben: al desarrollo científico y tecnológico de técnicas como la citometría de flujo que han permitido el establecimiento del diagnóstico y la detección temprana de enfermedad mínima residual para identificar a los pacientes con alto riesgo de recidiva, a la aplicación de protocolos pediátricos en adultos jóvenes y a la aplicación de la inmunoterapia como terapia adyuvante o sustitutiva de la quimioterapia. Así, los recientes ensayos clínicos con linfocitos CAR T-cells, modificados genéticamente y dirigidos frente a dianas específicas como CD19, han mostrado tasas de remisión completa elevadas en casos refractarios y recidivantes. No obstante, la base de la terapia sigue siendo la quimioterapia con opción a alotrasplante de progenitores hematopoyéticos para pacientes de alto riesgo. Es necesario seguir investigando en el campo de CAR T-cells con el objetivo de que esta terapia se pueda utilizar más ampliamente.&lt;br /></subfield>
  </datafield>
  <datafield tag="521" ind1=" " ind2=" ">
    <subfield code="a">Graduado en Medicina</subfield>
  </datafield>
  <datafield tag="540" ind1=" " ind2=" ">
    <subfield code="a">Derechos regulados por licencia Creative Commons</subfield>
  </datafield>
  <datafield tag="700" ind1=" " ind2=" ">
    <subfield code="a">Soria Navarro, Joaquín</subfield>
    <subfield code="e">dir.</subfield>
  </datafield>
  <datafield tag="710" ind1="2" ind2=" ">
    <subfield code="a">Universidad de Zaragoza</subfield>
    <subfield code="b">Anatomía Patológica, Medicina Legal y Forense y Toxicología</subfield>
    <subfield code="c">Anatomía Patológica</subfield>
  </datafield>
  <datafield tag="856" ind1="0" ind2=" ">
    <subfield code="f">548535@celes.unizar.es</subfield>
  </datafield>
  <datafield tag="856" ind1="4" ind2=" ">
    <subfield code="s">6066960</subfield>
    <subfield code="u">http://zaguan.unizar.es/record/111826/files/TAZ-TFG-2018-1020.pdf</subfield>
    <subfield code="y">Memoria (spa)</subfield>
  </datafield>
  <datafield tag="909" ind1="C" ind2="O">
    <subfield code="o">oai:zaguan.unizar.es:111826</subfield>
    <subfield code="p">driver</subfield>
    <subfield code="p">trabajos-fin-grado</subfield>
  </datafield>
  <datafield tag="950" ind1=" " ind2=" ">
    <subfield code="a"></subfield>
  </datafield>
  <datafield tag="980" ind1=" " ind2=" ">
    <subfield code="a">TAZ</subfield>
    <subfield code="b">TFG</subfield>
    <subfield code="c">MED</subfield>
  </datafield>
  <datafield tag="999" ind1=" " ind2=" ">
    <subfield code="a">20180604091618.CREATION_DATE</subfield>
  </datafield>
  <datafield tag="951" ind1=" " ind2=" ">
    <subfield code="a">deposita:2022-03-29</subfield>
  </datafield>
</record>
</collection>